• 首页
  • 本馆介绍
  • 公告通知
  • 最新文献
  • 馆藏检索
  • 电子资源
  • 读者导购
  • 参考咨询
  • 我的图书馆
  • 登录
  • 详细信息显示
  • 放入我的书架
  • 预约/预借图书
  • 作者相关作品
  • 分类相关作品
  • 丛书相关作品
  • 出版社相关作品

书目信息

  • 表格格式
  • 工作单格式
  • 卡片格式
书名: A cognitive psychology of mass communication
作者: Richard Jackson Harris.
分册号:
分册名:
出版地: Mahwah, N.J. :
 
出版社: L. Erlbaum Associates
出版时间: 1999.
页数: xvii, 337 p. ;
开本: 24 cm.
丛书名: LEA's communication series
中图分类号:
科图分类号:
其他分类号: B84
主题词:
电子资源:
000 01137cam 2200313 a 4500
001 E0761108386
005 20070323171057.32
008 981030s1999 nju b 001 0 eng
010    @a 98032142
020    @a080583088X.
035    @A(DLC) 98032142
040    @aDLC@cDLC@dDLC
050 00 @aP96.P75@bH37 1999
082 00 @a302.23/01/9 @2 21
090    @aB84
092    @aCN@bZK2005.5-111
099    @dB84@ex76=3
100 1  @aHarris, Richard Jackson.
245 12 @aA cognitive psychology of mass communication / @cRichard Jackson Harris.
250    @a3rd ed.
260    @aMahwah, N.J. :@bL. Erlbaum Associates,@c1999.
300    @axvii, 337 p. ;@c24 cm.
440  0 @aLEA's communication series
504    @aIncludes bibliographical references (p. 271-317) and indexes.
650  0 @aMass media@xPsychological aspects.
650  0 @aMass media@xSocial aspects.
920    @a**LC HAS REQ'D # OF SHELF COPIES**
955    @apc03 to sa00 10-30-98; lg23 to le03 11-04-98; le03 11-06-98; le02 to ddc 11-06-98; lg25 to lg15 06-21-99
991    @bc-GenColl@hP96.P75@iH37 1999@tCopy 1@wBOOKS
    
    A cognitive psychology of mass communication / / Richard Jackson Harris.-3rd ed.-Mahwah, N.J. : : L. Erlbaum Associates, , 1999.
    xvii, 337 p. ; ; 24 cm.- (LEA's communication series )
    Includes bibliographical references (p. 271-317) and indexes.
    
    ISBN 080583088X.
    
●
相关链接 在E读中查询图书 在五车中查询图书 在当当中查询图书 在豆瓣中查询图书


正题名:cognitive psychology of mass communication     索取号:B84/x76=3         预约/预借

序号 登录号 条形码 馆藏地/架位号 状态 备注
1 0003885   300038858   第二样本阅览室/ [索取号:B84/x76=3] 在馆    
2 0004002   300040024   第四借阅区/ [索取号:B84/x76=3] 在馆    
3 0004003   300040033   第四借阅区/ [索取号:B84/x76=3] 在馆    
唐山师范学院图书馆 欢迎您!
大连网信软件有限公司© 版权所有